| 000 | 00444nam a2200205Ia 4500 | ||
|---|---|---|---|
| 001 | 13623 | ||
| 003 | GE_BSU | ||
| 008 | 181216s||||||||xx |||||||||||||| ||und|| | ||
| 020 | _a0006514820 | ||
| 040 | _cGE_BSU | ||
| 080 | _a821.111-3 | ||
| 100 | _aParsons,Tony. | ||
| 245 | _aMan and wife. | ||
| 260 | _aLondon. | ||
| 260 | _bHarper Colins Publishers. | ||
| 260 | _c2002 | ||
| 300 | _a297p;18cm. | ||
| 653 | _aMan and wife. | ||
| 942 | _cBK | ||
| 999 |
_c46778 _d46778 |
||